KPOP groups by SURVIVAL SHOWS - Statistics

General Stats
  • This quiz has been taken 68 times
    7 since last reset
  • The average score is 15 of 43
Answer Stats
Show Debut group % Correct
Unpretty Rapstar : HIP HOP Princess 'H//PE Princess'
100%
I-LAND ENHYPEN
86%
The Debut: Dream Academy KATSEYE
86%
Nizi Project NiziU
86%
R U Next? ILLIT
71%
I-LAND2 : N/a izna
71%
Produce 48 IZ*ONE
71%
Girls Planet 999 Kep1er
71%
YG Treasure Box TREASURE
71%
Boys Planet ZEROBASEONE
71%
Boys II Planet ALPHA DRIVE ONE
57%
Produce 101 I.O.I
57%
Nizi Project ss2 NEXZ
57%
SIxteen TWICE
57%
Produce X 101 X1
57%
Mix & Match iKON
43%
LOUD KickFlip
43%
NCT Universe : LASTART NCT WISH
43%
Universe Ticket UNIS
43%
Produce 101 ss2 Wanna One
43%
My Teenage Boy FANTASY BOYS
29%
WIN: Who is Next? WINNER
29%
Under Nineteen 1THE9
14%
Universe League AHOF
14%
The Origin - A, B, Or What? ATBO
14%
Last Evaluation BABYMONSTER
14%
My Teenage Girl CLASS:y
14%
Project 7 CLOSE YOUR EYES
14%
Idol School fromis_9
14%
Planet C : Home Race MODYSSEY
14%
&AUDITION - The Howling - &TEAM
14%
LOUD TNX
14%
THE UNI+ UNI.T
14%
A2K VCHA
14%
Queendom Puzzle EL7Z UP
0%
The Idol Band: Boy's Battle Hi-Fi Un!corn
0%
Boys 24 IN2IT
0%
No.Mercy MONSTA X
0%
Makemate1 NouerA
0%
Star Awakening n.SSign
0%
To Be World Klass TOO
0%
THE UNI+ UNB
0%
B:MY BOYZ YUHZ
0%
No matching quizzes found
Score Distribution
Percent of People with Each Score
Percentile by Number Answered
Your Score History
You have not taken this quiz since the last reset